Statystyki dla Zwierzęta na literę F

Kliknij tutaj aby rozwiązać quiz!

Ogólne statystyki

  • Ten quiz został rozwiązany 365 razy
  • Średni wynik to 3 z 5

Statystyki odpowiedzi

Zwierzę% Poprawnych
foka
92%
flaming
62%
flądra
47%
fenek
45%
fretka
45%

Rozkład punktacji

Percentyl według liczby udzielonych odpowiedzi

Procent ludzi z każdym wynikiem

Twoja historia wyników

Nie rozwiązałeś tego quizu